000 00789nam a22002657a 4500
003 URS
005 20250828100502.0
008 250402b ||||| |||| 00| 0 eng d
020 _a9718855084
040 _cURS
050 _aAG243
_b.Z59 1999
100 _912055
_aOrbeta, Ramon
245 _aZeus wonders of the world
264 _aManila
_bZeus Publishing
_c©1999
300 _a112 pages.,:
336 _2rdacontent
_atext
337 _2rdamedia
_aunmediated
338 _2rdacarrier
_avolume
650 0 _912056
_aCuriosities and wonders
_xJuvenile literature.
650 0 _912057
_aHistoric sites
_xPictorial works.
650 0 _912058
_aHistoric building
_xPictorial works.
650 0 _912059
_aArchitecture
_xGuidebooks.
700 _912060
_aDe Guzman, Joel
942 _2lcc
_cF
999 _c84866
_d84864